00743nam a2200241 a 450000100060000000300080000600500170001400800410003102000180007203500190009004000350010904100080014408200250015210000240017724500880020125000120028926000530030130000240035450000180037865000440039665000400044070000210048061552BD-RjUL20211209080957.0170119s2011 enk 001 0 eng d a9788131731819 a(BD-RjUL)61676 aBD-RjULbengcBD-RjULdBD-RjUL aeng a658.83223bMAM 2012 aMalhotra Naresh K 10aMarketing research :ban applied orientation /cNaresh K Malhotra; Satyabhusan Dash a6th ed. aLondon :bDryden Press,cc2011 [impression 2012] axii, 224 p ;c24 cm aInclude index 0aMarketing researchxStatistical methods 0aMarketing researchxData processing aSatyabhusan Dash